MARC details
| 000 -LEADER |
| fixed length control field |
01063cam a22003011 4500 |
| 001 - CONTROL NUMBER |
| control field |
3593643 |
| 003 - CONTROL NUMBER IDENTIFIER |
| control field |
BDDh-ASL |
| 005 - DATE AND TIME OF LATEST TRANSACTION |
| control field |
20231015025717.0 |
| 008 - FIXED-LENGTH DATA ELEMENTS--GENERAL INFORMATION |
| fixed length control field |
700914s1968 enkabcf b 000 0 eng |
| 010 ## - LIBRARY OF CONGRESS CONTROL NUMBER |
| LC control number |
68016810 |
| 015 ## - NATIONAL BIBLIOGRAPHY NUMBER |
| National bibliography number |
B68-18613 |
| 040 ## - CATALOGING SOURCE |
| Original cataloging agency |
DLC |
| Transcribing agency |
DLC |
| Modifying agency |
BDDh-ASL |
| 043 ## - GEOGRAPHIC AREA CODE |
| Geographic area code |
e-uk--- |
| 050 00 - LIBRARY OF CONGRESS CALL NUMBER |
| Classification number |
JV1043 |
| Item number |
.H9 |
| 082 00 - DEWEY DECIMAL CLASSIFICATION NUMBER |
| Classification number |
941.082 |
| Item number |
HYE |
| 100 1# - MAIN ENTRY--PERSONAL NAME |
| Personal name |
Hyam, Ronald. |
| 245 10 - TITLE STATEMENT |
| Title |
Elgin and Churchill at the Colonial Office 1905-1908: |
| Remainder of title |
the watershed of the Empire-Commonwealth/ |
| Statement of responsibility, etc. |
by Ronald Hyam. |
| 260 ## - PUBLICATION, DISTRIBUTION, ETC. |
| Place of publication, distribution, etc. |
London: |
| -- |
Melbourne [etc.] |
| Name of publisher, distributor, etc. |
Macmillan; |
| Place of publication, distribution, etc. |
New York, |
| Name of publisher, distributor, etc. |
St. Martin's P., |
| Date of publication, distribution, etc. |
1968. |
| 300 ## - PHYSICAL DESCRIPTION |
| Extent |
xvi, 574 p. : |
| Other physical details |
8 plates, illus., maps, ports.; |
| Dimensions |
23 cm. |
| 350 ## - PRICE (NR) (BK AM CF MU VM SE) [OBSOLETE] |
| Price |
6/-/- |
| 504 ## - BIBLIOGRAPHY, ETC. NOTE |
| Bibliography, etc. note |
Bibliography: p. 546-554. |
| 600 10 - SUBJECT ADDED ENTRY--PERSONAL NAME |
| Personal name |
Elgin, Victor Alexander Bruce, |
| Titles and other words associated with a name |
Earl of, |
| Dates associated with a name |
1849-1917. |
| 600 10 - SUBJECT ADDED ENTRY--PERSONAL NAME |
| Personal name |
Churchill, Winston, |
| Dates associated with a name |
1874-1965. |
| 610 10 - SUBJECT ADDED ENTRY--CORPORATE NAME |
| Corporate name or jurisdiction name as entry element |
Great Britain. |
| Subordinate unit |
Colonial Office. |
| 651 #0 - SUBJECT ADDED ENTRY--GEOGRAPHIC NAME |
| Geographic name |
Great Britain |
| General subdivision |
Colonies |
| -- |
Administration |
| -- |
History |
| Chronological subdivision |
20th century. |
| 906 ## - LOCAL DATA ELEMENT F, LDF (RLIN) |
| a |
7 |
| b |
cbc |
| c |
orignew |
| d |
u |
| e |
ncip |
| f |
19 |
| g |
y-gencatlg |
| 942 ## - ADDED ENTRY ELEMENTS (KOHA) |
| Source of classification or shelving scheme |
Dewey Decimal Classification |
| Koha item type |
Books |